Мастера искусства об искусстве. [Т. 1: Средние века (Запись № 9034111)

Подробности
000 -МАРКЕР
контрольное поле 01573nam2a22002891 4500
001 - ИДЕНТИФИКАТОР ЗАПИСИ
контрольное поле rc\4580368
005 - ИДЕНТИФИКАТОР ВЕРСИИ
контрольное поле 20250612123240.0
021 ## - НОМЕР ГОСУДАРСТВЕННОЙ РЕГИСТРАЦИИ
Код страны Российская Федерация
Номер [65-45854]
035 ## - ДРУГИЕ СИСТЕМНЫЕ НОМЕРА
Идентификатор записи (NLR Aleph) 008656401
100 ## - ДАННЫЕ ОБЩЕЙ ОБРАБОТКИ
Данные общей обработки 20130416d1965 |||y0rusy50 ca
101 0# - ЯЗЫК РЕСУРСА
Язык текста, звукозаписи и т.д. русский
102 ## - СТРАНА ПУБЛИКАЦИИ ИЛИ ПРОИЗВОДСТВА
Страна публикации Российская Федерация
105 ## - ПОЛЕ КОДИРОВАННЫХ ДАННЫХ: ТЕКСТОВЫЕ МАТЕРИАЛЫ, МОНОГРАФИЧЕСКИЕ
Кодированные данные о монографическом текстовом документе a z |||||
200 1# - ЗАГЛАВИЕ И СВЕДЕНИЯ ОБ ОТВЕТСТВЕННОСТИ
Основное заглавие Средние века
Первые сведения об ответственности Под ред. А.А. Губера и В.В. Павлова]
210 ## - ПУБЛИКАЦИЯ, РАСПРОСТРАНЕНИЕ И ДР.
Дата издания, распространения и т.д. 1965
Место издания, распространения и т.д. Б. м.
215 ## - ФИЗИЧЕСКАЯ ХАРАКТЕРИСТИКА
Специфическое обозначение материала и объем 269 с., 53 л. ил.
461 #0 - УРОВЕНЬ НАБОРА
Встроенное поле 001rc\4580367
-- 2001#$aМастера искусства об искусстве$e[Избр. отрывки из писем, дневников, речей и трактатов$eВ 7 т.$fПод общ. ред. А.А. Губера и др. Т. 1-]$v[Т. 1
Системный номер (АБИС) связанной записи 9034106
Место публикации Москва
Дата публикации 1965
Первые сведения об ответственности Под общ. ред. А.А. Губера и др. Т. 1-]
Имя издателя, распространителя и т.д. Искусство
Сведения, относящиеся к заглавию [Избр. отрывки из писем, дневников, речей и трактатов : В 7 т.
Заглавие Мастера искусства об искусстве
Номер тома [Т. 1
606 ## - НАИМЕНОВАНИЕ ТЕМЫ КАК ПРЕДМЕТ
Наименование темы Изобразительное искусство народов Востока, средневековое (т. 1)
Код системы psbo
606 ## - НАИМЕНОВАНИЕ ТЕМЫ КАК ПРЕДМЕТ
Наименование темы Западноевропейское изобразительное искусство, средневековое (т. 1)
Код системы psbo
702 #1 - ИМЯ ЛИЦА - ВТОРИЧНАЯ ОТВЕТСТВЕННОСТЬ
Начальный элемент ввода Губер
Часть имени, кроме начального элемента ввода А.А.
Расширение инициалов личного имени Андрей Александрович
Код отношения Редактор
702 #1 - ИМЯ ЛИЦА - ВТОРИЧНАЯ ОТВЕТСТВЕННОСТЬ
Начальный элемент ввода Павлов
Часть имени, кроме начального элемента ввода В.В.
Код отношения Редактор
801 #0 - ИСТОЧНИК ЗАПИСИ
Страна Российская Федерация
Организация NLR
Правила каталогизации psbo
801 #1 - ИСТОЧНИК ЗАПИСИ
Страна Российская Федерация
Организация ELAR
Источник данных rusmarc
852 ## - МЕСТОНАХОЖДЕНИЕ И ШИФР ХРАНЕНИЯ
Идентификатор организации NLR
Шифр хранения (Call Number) 65-3/3043
942 ## - ДОПОЛНИТЕЛЬНЫЕ ЭЛЕМЕНТЫ ЗАПИСИ (АБИС)
Тип экземпляра АБИС Книга
980 ## - КОЛЛЕКЦИЯ
Название коллекции Национальная библиография
Экземпляры
Тип экземпляра Дата поступления Библиотека постоянного хранения Библиотека текущего хранения Место хранения Шифр хранения Штрих-код Статус экземпляра Источник поступления Стоимость
Книга 26.10.2013 РНБ (Московский) РНБ (Московский) Русский книжный фонд: издания с 1957 года 65-3/3043 1-212091      
Книга 11.04.2014 РНБ (Московский) РНБ (Московский) Фонд общего зала литературы по филологии, педагогике и искусству (гуманитарной литературы) Л1 Щ,2/М-328 1-462001     2.00
Книга 03.10.2015 РНБ (Московский) РНБ (Московский) Русский книжный фонд: издания с 1957 года 65-3/3043 1-1147483      
Книга 15.02.2014 РНБ (Садовая) РНБ (Садовая) Фонд научного зала литературы и искусства Нз Щ10/М-328/1 1-358807   Подсобные фонды РНБ 120.00